000
00330nam a2200121Ia 4500
008
241028s9999 xx 000 0 und d
041
_a
eng
082
_a
823 GOP
100
_a
Gopel Maja
245
_a
We Can Do Better : A Departure into the world to tomorrow
260
_b
Scribe Publication
_a
Uk
_c
2024
300
_a
265;. P. 23 cm
999
_c
43132
_d
43132